Statistics for Capital to Country #1

Click here to take the quiz!

General Stats

  • This quiz has been taken 19 times
  • The average score is 13 of 15

Answer Stats

HintAnswer% Correct
USAWashington D.C
100%
GermanyBerlin
94%
AustraliaCanberra
94%
MexicoMexico City
94%
RussiaMoscow
94%
PanamaPanama City
94%
FranceParis
94%
BrazilBrasilia
89%
NorwayOslo
89%
ItalyRome
89%
EgyptCairo
83%
FinlandHelsinki
83%
HungaryBudapest
78%
IndonesiaJakarta
78%
DakarSenegal
56%

Score Distribution

Percentile by Number Answered

Percent of People with Each Score

Your Score History

You have not taken this quiz